000 00772nam a2200193 a 4500
001 000041197
005 20201002034711.0
008 130925s1966 sp 001 0 spa d
040 _aDO-SdBNP
_bspa
_cBNPHU
245 1 3 _aLa Colección Canónica Hispana /
_cestudio por González Martínez Díez.
260 _aMadrid :
_bConsejo Superior de Investigaciones Científicas,
_c1966.
300 _av. (344 p.) ;
_c24 cm.
490 1 _aMonumenta Hispaniae Sacra. Serie ;
_aCanónica
_v1
500 _aIncluye índice
504 _aIncluye referencias bibliográficas y notas al pie de las páginas
700 1 _aMartínez Díez, González
_967771
710 2 _aConsejo Superior de Investigaciones Científicas
_94786
830 0 _aMonumenta Hispaniae Sacra.
_pCanónica
_v1
_967731
999 _c40687
_d40687